Представление документа в формате MARC21

Поле Инд. ПП Название Значение
Тип записи a
Библиографический уровень m
001 Контрольный номер cdeba3eb-56a9-4ae8-8e32-16b81321220d
005 Дата корректировки 20140703173748.2
008 Кодируемые данные 090326
020 a ISBN 978-5-06-005820-8
c Цена, тираж 365.20
040 a Служба первич. каталог. НБ ТвГУ
041 a Код языка текста rus
080 a Индекс УДК 519.216(075.8)
084 a Индекс другой классификации/Индекс ББК В171.5я73-1
090 x Авторский знак В29
a Полочн. индекс В171.5
100 1_ a Автор Вентцель Елена Сергеевна
245 10 a Заглавие Теория случайных процессов и ее инженерные приложения
b Продолж. заглавия учебное пособие для студентов втузов
c Ответственность Е. С. Вентцель, Л. А. Овчаров
250 a Основные сведения об издании Изд. 4-е, стер.
260 0_ a Место издания Москва
b Издательство Высшая школа
c Дата издания 2007
300 a Объем 477, [2] с.
b Иллюстрации/ тип воспроизводства ил., табл.
c Размеры 22 см
440 a Серия Для высших учебных заведений
a Серия Математика
504 a Библиография Библиогр.: с.474-475. - Предм. указ.: с. 476-477.
583 a Действие Получение впервые 25 18.03.2009
k Исполнитель действия ОАО "Издательство "Высшая школа"
650 a Основная рубрика Вероятностей теория
650 a Основная рубрика Случайные процессы (мат.)
x Основная подрубрика Теория
x Основная подрубрика Учебники для вузов
653 a Ключевые слова Теория вероятностей
a Ключевые слова Случайные процессы (мат.)
a Ключевые слова Теория случайных процессов
700 1_ a Другие авторы Овчаров Лев Александрович
e Роль лиц авт.
852 t Порядковый номер экземпляра 5
p Инвентарный номер 928964
p Инвентарный номер 928965
p Инвентарный номер 928966
p Инвентарный номер 928967
p Инвентарный номер 928968
863 t 00184023
863 t 00184024
863 t 00184025
863 t 00184026
863 t 00184027
888 a За счет средств университета
930 a Новая/Ретро учебники
952 p 25.2009 365.20 1 928964
p 25.2009 365.20 1 928965
p 25.2009 365.20 1 928966
p 25.2009 365.20 1 928967
p 25.2009 365.20 1 928968
c Вид литературы К ру
954 a Дата поступления на обработку 20090406
999 a Подразделение 2 Фил3